Statistics for Geography A-Z #1

Click here to take the quiz!

General Stats

  • This quiz has been taken 60,494 times
    (39,012 since last reset)
  • The average score is 19 of 26

Answer Stats

HintAnswer% Correct
PLargest oceanPacific
97%
DA hill of sandDune
95%
NHolland is one of its regionsNetherlands
94%
UU.S. stateUtah
92%
LLatitude's partnerLongitude
90%
VLow place between mountainsValley
88%
GSlow moving river of iceGlacier
85%
QEastern Australian stateQueensland
85%
WNew Zealand capitalWellington
84%
RUndersea growth of coralReef
83%
CStudy and construction of mapsCartography
81%
ATerm for an island chainArchipelago
79%
TCapricorn or Cancer, e.g.Tropic
78%
FViti Levu is its largest islandFiji
76%
SLargest branch of IslamSunni
75%
IKópavogur is its second largest cityIceland
73%
ZFormer name of the D.R. CongoZaire
71%
HOne of the Great LakesHuron
69%
YSea west of South KoreaYellow
65%
KThe "Savage Mountain"K2
63%
MCanadian prairie provinceManitoba
60%
BBelmopan is its capitalBelize
59%
JLargest of the Channel IslandsJersey
57%
OOpposite of occidentalOriental
56%
EWhere a river meets the seaEstuary
54%
XGreek city "of one thousand colours"Xanthi
13%

Score Distribution

Percentile by Number Answered

Percent of People with Each Score

Your Score History

You have not taken this quiz since the last reset